|
|
|
|
| LEADER |
00000nbm0a2200000 4500 |
| 001 |
187859 |
| 005 |
20231031174313.0 |
| 035 |
|
|
|a (RuTPU)RU\TPU\book\203848
|
| 090 |
|
|
|a 187859
|
| 100 |
|
|
|a 20101123d1964 k y0rusy50 ca
|
| 101 |
0 |
|
|a rus
|
| 102 |
|
|
|a RU
|
| 105 |
|
|
|a af p 000zy
|
| 200 |
1 |
|
|a Влияние двух-трехкратных кратковременных отпусков на стойкость резцов из быстрорежущей стали Р18 и Р9К5
|e Отчет о НИР
|f Томский политехнический институт (ТПИ) ; руководитель И. Т. Тихонов
|
| 210 |
|
|
|a Томск
|d 1964
|
| 215 |
|
|
|a 6 л.
|c черт.
|
| 610 |
1 |
|
|a отчеты о НИР
|
| 610 |
1 |
|
|a быстрорежущие стали
|
| 610 |
1 |
|
|a закаленная сталь
|
| 610 |
1 |
|
|a твердость
|
| 610 |
1 |
|
|a резцы
|
| 610 |
1 |
|
|a кратковременные отпуски
|
| 675 |
|
|
|a 621.91.025
|v 3
|
| 702 |
|
1 |
|a Тихонов
|b И. Т.
|4 673
|
| 712 |
0 |
2 |
|a Томский политехнический институт (ТПИ)
|c (1944-1991)
|2 stltpush
|3 (RuTPU)RU\TPU\col\1123
|4 595
|
| 801 |
|
1 |
|a RU
|b 63413507
|c 20101123
|
| 942 |
|
|
|c BK
|